000 00205 a2200097 4500
001 4417
100 _aDow,R.B
245 _aFundamentals of advanced missiles
260 _a
_bWiley
_c
090 _c3615
_d3615
942 _aNUST-CAE
_cM
_c29058
999 _c239490
_d239490